00290nam a2200121Ia 4500008004100000100002300041245002500064260002700089300000900116650002100125942000700146999001500153190216s9999||||xx |||||||||||||| ||und|| aBryan Pfafenberger 0aWorld Wide Web Bible bBpb Publicationsc1997 a666p aComputer Science cBK c8533d8533